000 00576nam a2200217Ia 4500
005 20250108124945.0
008 008 250107s9999 xx 000 0 eng d
037 _aTB
040 _aCRL
_beng
_cCRL
041 _aurd
_2eng
084 _aM31 R0
084 _qCRL
100 _aAhmad Shamoil Au.
_9586915
245 0 _aUrdu afsane ki bewafa aurten
_cAhmad Shamoil Au.
260 _aLucknow, India
_bMatterlink publishers
_c2826
300 _a239p.
365 _aINR
_b345
650 _aURDU FICTION
_93298
942 _cTB
_hM31 R0
999 _c1235214
_d1235214